TINI - Statistiques

Statistiques générales
  • Ce quiz a été pris 286 fois
  • Le résultat moyen est 27 sur 61
Statistiques - réponses
Hint Réponse % Correct
2016 confia en mi
84%
2018 quiero volver
77%
2021 mienteme
76%
2019 22
72%
2019 fresa
71%
2016 siempre brillaras
71%
2016 si tu te vas
68%
2019 oye
67%
2021 bar
65%
2022 fantasi
65%
2017 te quiero mas
64%
2018 princesa
63%
2018 por que te vas
62%
2019 sueltate el pelo
62%
2016 great escape
61%
2020 acercate
60%
2018 consejo de amor
59%
2020 un beso en madrid
58%
2020 duele
57%
2016 solo dime tu
57%
2020 te olvidare
57%
2020 recuerdo
56%
2019 diciembre
54%
2020 ella dice
54%
2016 losing the love
54%
2020 playa
54%
2018 flores
52%
2021 maldita foto
51%
2016 yo te amo a ti
51%
2018 respirar
49%
2018 waves
49%
2018 waves
49%
2016 finders keepers
46%
2021 aqui estoy
44%
2020 si tu supieras
43%
2021 la nina de la escuela
42%
2016 dont cry for me
41%
2016 got me started
41%
2020 tuyo
41%
2018 love is love
40%
2021 250 remix
39%
2016 all you gotta do
35%
2020 high (remix)
35%
2018 like that
35%
2019 ya no me llames
35%
2020 besame
34%
2018 never ready
30%
2016 handwritten
29%
2016 sigo adelante
27%
2021 tu no me conoces
26%
2016 se escapa tu amor
22%
2019 wild
21%
2018 la cintura (remix)
16%
2018 lo malo (remix)
15%
2016 i want you
14%
2016 light your heart
13%
2021 vueltas en tu mente
13%
2016 born tu shine
5%
2016 i'ts a lie
5%
2016 lo que alma tu escribe
4%
2016 my stupid hearts
2%
Aucun quiz correspondant
Distribution des résultats
% des personnes avec chaque résultat
Percentile par nombre de réponses
Votre historique - résultats
Vous n’avez pas pris ce quiz